000 00428nam a2200169Ia 4500
003 GCL
008 140319s9999 xx 000 0 ara d
040 _aGCL /
_cGCL
082 0 4 _a813.03
_bو خ
100 1 _aوصفى ال وصفى
245 1 0 _aخطوت على الطريق /
_cوصفى ال وصفى
490 _a
650 0 4 _aالادب العربى
650 0 4 _aالادب
650 0 4 _aالقصة
942 _2ddc
_cBK
999 _c40572
_d40572